Derecho procesal penal : (Registro nro. 21696)

Detalles MARC
000 -Cabecera
Campo de control interno 01190nam a2200229Ia 4500
005 - Fecha y hora del registro
control field 20260407082619.0
008 - Elementos de Longitud Fija
fixed length control field 260320s9999||||xx |||||||||||||| ||und||
020 ## - ISBN
ISBN 9786123331290
041 ## - Idioma
Codigo Idioma ESP
082 ## - DEWEY y NOTACIÓN INTERNA
Dewey 345.2
Notación Interna A67 T. 2
100 ## - AUTOR
Autor denominación Arbulú Martínez, Víctor Jimmy,
Término de relación autor
245 #0 - TÍTULO DE MATERIAL BIBLIOGRÁFICO
Título Derecho procesal penal :
Título paralelo un enfoque doctrinario y jurisprudencial
250 ## - EDICIÓN
Edición Segunda edición
260 ## - CIUDAD, EDITORIAL, AÑO
Ciudad Lima :
Nombre de la Editorial Gaceta Jurídica
Año 2024
300 ## - DESCRIPCIÓN
N° Páginas 989 páginas :
Dimensiones 25 cm.
650 ## - TEMAS
Temas Ciencias Sociales
653 ## - DESCRIPTORES
Lenguajes no controlado Derecho; Derecho procesal penal; El proceso penal
654 ## - PROGRAMAS
Programa Dpto. de Derecho y Ciencia Política
856 ## - URL - UBICACIÓN
URI/URL: Enlace exacto del recurso <a href="https://palestra-tirantonline-com.ucsp.lookproxy.com/base/per/biblioteca_virtual/9788411479103?general=derecho+procesal+penal&index=0&navigate_url=%2Fbase%2Fper%2Fbibliotecavirtual%2Fsearches%2Fnavigate%3Ftoken_id%3D68f7ba8d8688ce000b731cd2&next_index=1&num_found=9521&pais=per&route=ser&search_type=bibliotecavirtual&search_url=%2Fbase%2Fper%2Fbibliotecavirtual%2Fsearches%3Findex%3D0%26token_id%3D68f7ba8d8688ce000b731cd2&token_id=68f7ba8d8688ce000b731cd2&tolgeo=latam">https://palestra-tirantonline-com.ucsp.lookproxy.com/base/per/biblioteca_virtual/9788411479103?general=derecho+procesal+penal&index=0&navigate_url=%2Fbase%2Fper%2Fbibliotecavirtual%2Fsearches%2Fnavigate%3Ftoken_id%3D68f7ba8d8688ce000b731cd2&next_index=1&num_found=9521&pais=per&route=ser&search_type=bibliotecavirtual&search_url=%2Fbase%2Fper%2Fbibliotecavirtual%2Fsearches%3Findex%3D0%26token_id%3D68f7ba8d8688ce000b731cd2&token_id=68f7ba8d8688ce000b731cd2&tolgeo=latam</a>
Nota pública: Versión digital <a href="Véase además: Manual de derecho procesal penal. Versión digital">Véase además: Manual de derecho procesal penal. Versión digital</a>
942 ## - ELEMENTOS DE KOHA
Tipo de documento Libro
Nombre del creador Justo Noguera
Código de catalogador Tania Ramirez
Esquema de clasificación Dewey Decimal Classification
Existencias
Codigo completo Registro Colección Copia número Disponibilidad Tipo de préstamo Biblioteca Actual Procedencia (Biblioteca) Ubicacón Fecha Ingreso Tipo de Adquisición Date last seen Total checkouts Price effective from Tipo de Item Estado del Material Fuente de Clasificación Damaged status Withdrawn status
345.2 A67 T. 2 1085243 Universidad Católica San Pablo 1 Disponible Disponible Víctor Andrés Belaunde Víctor Andrés Belaunde Primer piso 07/04/2026 Suscripción 07/04/2026   07/04/2026 Libro Bueno Dewey Decimal Classification